| 000 | 00482nam a2200193Ia 4500 | ||
|---|---|---|---|
| 003 | IIN | ||
| 005 | 20240104131946.0 | ||
| 008 | 231217s9999 xx 000 0 und d | ||
| 020 |
_cRs.425.00 _a9788131235836 |
||
| 040 |
_aIIN _bEnglish |
||
| 082 |
_a428.0071 _bLOH |
||
| 100 | _aLohumi, Shama | ||
| 245 | 1 |
_aEnglish _b for Nurses _cby Shama Lohumi |
|
| 250 | _a2nd ed | ||
| 260 |
_bElsevier _aNew Delhi _c2015 |
||
| 300 | _axvii, 252 p. | ||
| 650 | 1 |
_aEnglish _v Nurses |
|
| 942 | _cBOOK | ||
| 999 |
_c271 _d271 |
||